Statystyki dla Odgadnij 4-literowe nazwy krajów

Kliknij tutaj aby rozwiązać quiz!

Ogólne statystyki

  • Ten quiz został rozwiązany 143 razy
  • Średni wynik to 12 z 34

Statystyki odpowiedzi

LettersCountry% Poprawnych
A B K UKuba
94%
A C D ZCzad
89%
A L O SLaos
66%
E P R UPeru
64%
Y C R PCypr
62%
A M N OOman
62%
A I K RIrak
56%
A I N RIran
54%
A I L MMali
46%
K O S WKosowo
44%
A H I THaiti
41%
K A D NKanada
39%
E M N JJemen
36%
A J N PJaponia
34%
A L M TMalta
34%
B E I NBenin
33%
C E R GGrecja
32%
A M O SSamoa
27%
R F J AFrancja
26%
A M N PPanama
26%
O C W HWłochy
25%
K M A RMaroko
22%
A L P UPalau
21%
Z W J ASzwecja
21%
A K R TKatar
20%
R I N DIrlandia
19%
A N R UNauru
19%
N O M AMonako
18%
K P I APakistan
18%
L A S OPolska
18%
A B R ZBrazylia
17%
I U A NUkraina
16%
S Z A IHiszpania
10%
I A N WWietnam
9%

Rozkład punktacji

Percentyl według liczby udzielonych odpowiedzi

Procent ludzi z każdym wynikiem

Twoja historia wyników

Nie rozwiązałeś tego quizu